000 01185cam a22003377i 4500
999 _c614
_d614
001 16910667
003 GZU
005 20200908145940.0
008 110809s2010 ii a b 001 0 eng
010 _a 2011456073
020 _a9780198066224
020 _a0198066228
040 _aDLC
_beng
_erda
_cDLC
042 _apcc
050 0 0 _aTK5105 ROY 2010
100 1 _aRoy, Uttam K.,
_eauthor.
245 1 0 _aWeb Technologies /
_cUttam K. Roy
264 1 _aNew Delhi :
_bOXFORD UNIVERSITY PRESS,
_c2010.
300 _axviii, 758 pages :
_billustrations ;
_c24 cm.
336 _atext
_btxt
_2rdacontent
337 _aunmediated
_bn
_2rdamedia
338 _avolume
_bnc
_2rdacarrier
490 0 _aOXFORD HIGHER EDUCATION
500 _aIncludes bibliographical references and index.
504 _aIncludes bibliographical references and index.
650 0 _aWorld Wide Web.
856 4 2 _3Contributor biographical information
_uhttp://www.loc.gov/catdir/enhancements/fy1307/2011456073-b.html
856 4 2 _3Publisher description
_uhttp://www.loc.gov/catdir/enhancements/fy1307/2011456073-d.html
906 _a7
_bcbc
_corigres
_d4
_encip
_f20
_gy-gencatlg
942 _2lcc
_cBK
_h5105
_iROY
_kTK